Gruzinskai︠a︡ SSR k 60-letii︠u︡ velikogo okti︠a︡bri︠a︡ : industrii︠a︡ /
Saved in:
| Main Author: | |
|---|---|
| Corporate Author: | |
| Format: | Book |
| Language: | Russian |
| Published: |
Tbilisi :
Merani,
1977.
|
| Subjects: | |
| Tags: |
Add Tag
No Tags, Be the first to tag this record!
|
| LEADER | 01080nam a2200253Ma 4500 | ||
|---|---|---|---|
| 001 | 005166321-X | ||
| 005 | 20020606095253.2 | ||
| 008 | 850131s1977 gs 000 0 rusod | ||
| 035 | 0 | |a ocm31121518 | |
| 040 | |a CUY |c CUY |d HLS | ||
| 043 | |a e-ur-gs | ||
| 050 | 4 | |a HC340.16 |b .G86 1977 | |
| 100 | 1 | |a Gunii︠a︡, A. L. |q (Avtandil Levanovich) | |
| 245 | 1 | 0 | |a Gruzinskai︠a︡ SSR k 60-letii︠u︡ velikogo okti︠a︡bri︠a︡ : |b industrii︠a︡ / |c [Gunii︠a︡ Avtandil Levanovich]. |
| 246 | 3 | |a Sakʻartʻvelos SSR didi okʻtombris 60 clistʻavisatʻvis industria. | |
| 260 | |a Tbilisi : |b Merani, |c 1977. | ||
| 300 | |a 126 p. ; |c 17 cm. | ||
| 500 | |a Title in colophon: Sakʻartʻvelos SSR didi okʻtombris 60 clistʻavisatʻvis industria. | ||
| 500 | |a At head of title: Akademii︠a︡ nauk Gruzinskoĭ SSSR (sic). Institut ėkonomiki i prava. | ||
| 650 | 0 | |a Industries |z Georgia (Republic) | |
| 651 | 0 | |a Georgia (Republic) |x Economic conditions. | |
| 710 | 2 | |a Ekonomikisa da samartʻlis instituti (Sakʻartʻvelos SSR mecʻnierebatʻa akademia) | |
| 988 | |a 20020608 | ||
| 906 | |0 OCLC | ||


